Разработка серийного фторного среднетемпературного электролизера повышенной долговечности и качества технического фтора. Анодный материал; Химия и химическая технология на рубеже тысячелетий

Бібліографічні деталі
Parent link:Химия и химическая технология на рубеже тысячелетий.— 2004.— [С. 274-275]
Автор: Зусайлов Ю. Н.
Інші автори: Бадеников В. Я.
Резюме:Заглавие с титульного листа
Электронная версия печатной публикации
Мова:Російська
Опубліковано: 2004
Предмети:
Онлайн доступ:http://www.lib.tpu.ru/fulltext/v/Conferences/2004/K01/41191.pdf
Формат: Електронний ресурс Частина з книги
KOHA link:https://koha.lib.tpu.ru/cgi-bin/koha/opac-detail.pl?biblionumber=219510

MARC

LEADER 00000naa2a2200000 4500
001 219510
005 20260203163515.0
035 |a (RuTPU)RU\TPU\book\239581 
035 |a RU\TPU\book\239579 
090 |a 219510 
100 |a 20120709d2004 k y0rusy50 ca 
101 0 |a rus 
102 |a RU 
135 |a drnn ---uucaa 
181 0 |a i  
182 0 |a b 
200 1 |a Разработка серийного фторного среднетемпературного электролизера повышенной долговечности и качества технического фтора. Анодный материал  |f Ю. Н. Зусайлов, В. Я. Бадеников 
203 |a Текст  |c электронный 
215 |a 1 файл ( 265 Кб) 
300 |a Заглавие с титульного листа 
300 |a Электронная версия печатной публикации 
337 |a Adobe Reader 
463 1 |0 (RuTPU)RU\TPU\book\74583  |t Химия и химическая технология на рубеже тысячелетий  |o материалы III Всероссийской научной конференции, Томск, 2-4 сентября 2004 г.  |f Российское химическое общество им. Д. И. Менделеева; Химия и химическая технология на рубеже тысячелетий. Всероссийская научная конференция; Российская Академия естествознания; Администрация Томской области; ООО "Томскнефтехим"; ЗАО "Метанол"; Томский политехнический университет  |v [С. 274-275]  |d 2004 
610 1 |a электролизеры 
610 1 |a фторные электролизеры 
610 1 |a технический фтор 
610 1 |a качество 
610 1 |a аноды 
610 1 |a материалы 
610 1 |a электронный ресурс 
700 1 |a Зусайлов  |b Ю. Н. 
701 1 |a Бадеников  |b В. Я. 
801 1 |a RU  |b 63413507  |c 20120529 
801 2 |a RU  |b 63413507  |c 20200115  |g RCR 
856 4 |u http://www.lib.tpu.ru/fulltext/v/Conferences/2004/K01/41191.pdf 
942 |c CF